[Event "BUL-ch"]
[Site "BUL"]
[Date "1988.??.??"]
[Round "?"]
[White "Nikolov, Sasho"]
[Black "Ermenkov, Evgenij"]
[Result "1-0"]
[WhiteElo "2215"]
[BlackElo "2480"]

1.Nf3 Nf6 2.c4 e6 3.g3 b6 4.Bg2 Bb7 5.O-O c5 6.b3 d6 7.Bb2 Be7 8.e3 O-O 9.Qe2 Nbd7
10.Rd1 a6 11.d4 Re8 12.Nc3 Bf8 13.d5 exd5 14.Nh4 b5 15.Nxd5 Nxd5 16.Bxd5 Bxd5
17.Rxd5 bxc4 18.bxc4 Nb6 19.Rd2 Qd7 20.Rc1 Qe6 21.Ng2 Rab8 22.Nf4 Qe4 23.Ba1 Nxc4
24.Qxc4 Qxc4 25.Rxc4 Rb1+ 26.Kg2 Rxa1 27.Ra4 Ra8 28.Rb2 f5 29.h4 g6 30.h5 g5
31.Ne6 h6 32.Rb7 Re8 33.Nxf8 Kxf8 34.Rxa6 Re7 35.Rb8+ Kg7 36.Rxd6 Rxa2 37.Rg6+ Kh7
38.Rbb6 f4 39.Rxh6+ Kg8 40.Rbg6+ Rg7 41.Rxg7+ Kxg7 42.Rg6+ Kh7 43.Kf3 fxg3
44.fxg3 Ra7 45.Rc6 Ra4 46.e4 Rc4 47.Rg6 g4+ 48.Kf4 Rd4 49.Rc6 c4 50.Kf5 Kg7
51.e5 Rd3 52.Rxc4 Kh6 53.Kxg4 Rd5 54.Rc6+ Kg7 55.Kf5  1-0

[Event "COL-ch"]
[Site "?"]
[Date "1988.??.??"]
[Round "13"]
[White "Agudelo, Antonio"]
[Black "Betancourt, David"]
[Result "1-0"]
[WhiteElo "2305"]
[BlackElo "2230"]

1.Nf3 c5 2.g3 b6 3.Bg2 Bb7 4.c4 Nf6 5.O-O e6 6.Nc3 Be7 7.d4 cxd4 8.Qxd4 d6
9.Rd1 a6 10.b3 Nbd7 11.Bb2 O-O 12.e4 Qc7 13.Qe3 Rfd8 14.Nd4 Bf8 15.h3 Re8
16.Rac1 Rad8 17.Nde2 Qb8 18.Nf4 Qa8 19.Re1 Bc6 20.a4 Qb8 21.b4 g6 22.Nd3 Bg7
23.Qd2 Qa8 24.Qc2 Bb7 25.Qb3 Rc8 26.Kh2 Red8 27.Re2 Nb8 28.f3 Nc6 29.Nd1 Nd7
30.Bxg7 Kxg7 31.Qb2+ e5 32.Ne3 Nd4 33.Rf2 f6 34.Ng4 h5 35.Ne3 a5 36.Rb1 Bc6
37.h4 Rb8 38.b5 Bb7 39.Rc1 Nf8 40.Qa3  1-0

[Event "CUB-ch"]
[Site "?"]
[Date "1988.??.??"]
[Round "?"]
[White "Otero, Evelio"]
[Black "Borges Mateos, Juan"]
[Result "1/2-1/2"]
[WhiteElo "2325"]
[BlackElo "2535"]

1.Nf3 c5 2.c4 Nf6 3.g3 b6 4.Bg2 Bb7 5.O-O e6 6.Nc3 d6 7.b3 Nbd7 8.d4 a6 9.d5 e5
10.Nd2 g6 11.a4 Bg7 12.Qc2 O-O 13.e4 Bc8 14.Re1 Ne8 15.Nf1 f5 16.exf5 gxf5
17.f4 e4 18.Ne3 h5 19.Bb2 Ndf6 20.Ncd1 Ra7 21.Nf2 h4 22.Qe2 hxg3 23.hxg3 Bh6
24.Bh3 Ng7 25.Kh2 Qe8 26.Rh1 Nfh5 27.Ng2 Kh7 28.Qe3 Raf7 29.Rhf1 Rg8 30.Nh1 a5
31.Rae1 Qe7  1/2-1/2

[Event "DEN-ch"]
[Site "?"]
[Date "1988.??.??"]
[Round "5"]
[White "Kristiansen, Jens"]
[Black "Sorensen, Torben"]
[Result "1-0"]
[WhiteElo "2435"]
[BlackElo "2360"]

1.c4 c5 2.Nf3 e6 3.g3 b6 4.Bg2 Bb7 5.O-O Nf6 6.Nc3 a6 7.d3 d5 8.cxd5 Nxd5
9.Bd2 Be7 10.a3 Nc6 11.e3 O-O 12.Qc2 Rc8 13.Rac1 g6 14.Qb1 Bf6 15.Ne4 Be7
16.Rfd1 f5 17.Nc3 Qd6 18.d4 cxd4 19.Nxd5 exd5 20.exd4 Rfe8 21.Bf4 Qd7 22.Qa2 Na5
23.Ne5 Qb5 24.b4 g5 25.Bd2  1-0

[Event "DEN-chB"]
[Site "?"]
[Date "1988.??.??"]
[Round "5"]
[White "Pedersen, E."]
[Black "Schandorff, Lars"]
[Result "1/2-1/2"]
[WhiteElo "2410"]
[BlackElo "2400"]

1.c4 Nf6 2.g3 e6 3.Nf3 b6 4.Bg2 Bb7 5.O-O c5 6.b3 a6 7.Nc3 d6 8.d4 cxd4 9.Qxd4 Nbd7
10.Bg5 Be7 11.Rfd1 O-O 12.Rac1 Qc7 13.Qd2 h6 14.Bf4  1/2-1/2

[Event "Dortmund op"]
[Site "Dortmund"]
[Date "1988.??.??"]
[Round "?"]
[White "Marangunic, Srdjan"]
[Black "Stein, Bernd"]
[Result "1/2-1/2"]
[WhiteElo "2440"]
[BlackElo "2365"]

1.Nf3 c5 2.g3 b6 3.Bg2 Bb7 4.O-O Nf6 5.c4 e6 6.Nc3 a6 7.Re1 d6 8.e4 Nbd7
9.d3 Be7 10.a3 O-O 11.Rb1 Qc7 12.Bd2 Ne5 13.Qe2 Nxf3+ 14.Qxf3 Nd7 15.b4 Ne5
16.Qe2 Nc6 17.Qd1 Nd4 18.Ne2 Bf6 19.Be3 Nxe2+ 20.Rxe2 Rab8 21.Rc1 Rfd8 22.d4 cxd4
23.Bxd4 Bxd4 24.Qxd4 e5 25.Qe3 Bc8 26.Rec2 Be6 27.h4 f6 28.Kh2 Qd7 29.Bf1 a5
30.c5 dxc5 31.bxc5 bxc5 32.Bc4 Bxc4 33.Rxc4 Rbc8 34.Rxc5 Rxc5 35.Qxc5 Qd4  1/2-1/2

[Event "Dortmund op"]
[Site "Dortmund"]
[Date "1988.??.??"]
[Round "?"]
[White "Kirov, Nino"]
[Black "Stangl, Markus"]
[Result "1-0"]
[WhiteElo "2470"]
[BlackElo "2385"]

1.Nf3 Nf6 2.g3 b6 3.Bg2 Bb7 4.O-O e6 5.c4 c5 6.Nc3 Be7 7.b3 O-O 8.Bb2 d5
9.e3 dxc4 10.bxc4 Nc6 11.Qe2 a6 12.Rfd1 Qc7 13.Rab1 Rab8 14.Ba1 Nd7 15.d4 cxd4
16.exd4 Na5 17.d5 e5 18.d6 Bxd6 19.Qd3 Nxc4 20.Ng5 e4 21.Ncxe4 Bxe4 22.Qxe4 g6
23.Qh4 h5 24.Ne4 Rfe8 25.Nxd6 Nxd6 26.Rbc1  1-0

[Event "FIN-chT"]
[Site "?"]
[Date "1988.??.??"]
[Round "?"]
[White "Kekki, Jorma"]
[Black "Havansi, Erkki ET"]
[Result "1-0"]
[WhiteElo "2290"]
[BlackElo "2275"]

1.Nf3 c5 2.c4 Nf6 3.g3 b6 4.Bg2 Bb7 5.O-O e6 6.Nc3 Be7 7.b3 O-O 8.Bb2 d6
9.d4 cxd4 10.Nxd4 Bxg2 11.Kxg2 a6 12.e3 Qc7 13.f4 Nc6 14.Nxc6 Qxc6+ 15.Qf3 Qxf3+
16.Kxf3 Rfd8 17.Rfd1 Rab8 18.a4 Nd7 19.Rac1 Rbc8 20.Ba3 Nc5 21.b4 Nb7 22.Ne2 Rc7
23.b5 Ra8 24.Nd4 Bf8 25.Bb4 a5 26.Ba3 Nd8 27.Nb3 Nb7 28.Nd4 Nd8 29.Nb3 Nb7
30.Nd2 Rac8 31.Rb1 d5 32.Bxf8 dxc4 33.Bxg7 Kxg7 34.Ne4 c3 35.Rbc1 Rc4 36.Rd4 c2
37.Ke2 Rxd4 38.exd4 Rc4 39.Kd3 Rxa4 40.Rxc2 Ra3+ 41.Ke2 Ra4 42.Rc7 Rxd4 43.Ng5 Nc5
44.Rxf7+ Kg8 45.Rxh7 a4 46.Ra7 Rb4 47.h4 Rxb5 48.h5 Ra5 49.Rc7 Na6 50.Rd7 a3
51.h6 Rxg5 52.fxg5 a2 53.g6  1-0

[Event "BL2-S8788"]
[Site "Germany"]
[Date "1988.??.??"]
[Round "?"]
[White "Egger, Thomas"]
[Black "Roemer, Uli"]
[Result "1/2-1/2"]
[WhiteElo "2255"]
[BlackElo "2300"]

1.Nf3 c5 2.g3 b6 3.Bg2 Bb7 4.O-O Nf6 5.c4 e6 6.Nc3 d6 7.d4 cxd4 8.Nxd4 Bxg2
9.Kxg2 Qc7 10.Qd3 a6 11.b3 Nbd7 12.f4 Rc8 13.Bb2 Qb7+ 14.Qf3 Qxf3+ 15.exf3 Be7
16.Rfe1 O-O 17.Rad1 Rfe8 18.Re2 g6 19.Nc2 Rc7 20.Ne3 Kf8 21.Ng4 Rb8 22.Nxf6 Nxf6
23.Ne4 Nxe4 24.fxe4 b5 25.e5 Rc6 26.exd6 Rxd6 27.Rxd6 Bxd6 28.Rc2 Rc8 29.Bd4 bxc4
30.bxc4 Ke7 31.Kf3 Kd7 32.Ke4 Kc6 33.Bf6 h5 34.h3 Rb8 35.Be5 Rb1 36.Bxd6 Re1+
37.Kd4 Kxd6 38.g4 hxg4 39.hxg4 Rd1+ 40.Ke4 f5+ 41.gxf5 gxf5+ 42.Kf3 Rd3+
43.Kg2 Kc5 44.Re2 Rd6 45.Rc2 Rd4 46.Kf3 Rxc4 47.Re2 Kd5 48.Re5+ Kd6 49.Ra5 Rc3+
50.Ke2 Rc6 51.Kd3 Ke7 52.Kd4 Kf6 53.Ke3 Kg6 54.Kf3 Kh5 55.Kg3 Rc3+ 56.Kf2 Rc6
57.Kg3 Kg6 58.Kf3 Kf6 59.Ke3 Rd6 60.Kf3 Ke7 61.Kg3 Kf6 62.Kf3 Kg6 63.Kg3 Kh5
64.Ra3 a5 65.Rxa5 Rd3+ 66.Kf2 Kg4 67.Ra6 Kxf4 68.Rxe6  1/2-1/2

[Event "Bundesliga 8788"]
[Site "Germany"]
[Date "1988.??.??"]
[Round "?"]
[White "Stangl, Markus"]
[Black "Feick, Stefan"]
[Result "1/2-1/2"]
[WhiteElo "2375"]
[BlackElo "2365"]

1.c4 Nf6 2.Nf3 b6 3.g3 c5 4.Bg2 Bb7 5.O-O e6 6.Nc3 a6 7.d4 cxd4 8.Qxd4 d6
9.Rd1 Nbd7 10.Ng5 Bxg2 11.Kxg2 Rc8 12.b3 Rc6 13.Ba3 Be7 14.Rac1 O-O 15.Qf4 Qc7
16.Nge4 Nxe4 17.Nxe4 Nc5 18.Nxc5 bxc5 19.Bb2 Rb8 20.e4 e5 21.Qg4 a5 22.Bc3 Ra6
23.f4 Bf8 24.fxe5 dxe5 25.Rd7 Qc8 26.Qd1 f6 27.Qd5+ Kh8 28.Rd1 Raa8 29.Rf1 Qe8
30.Rf2 a4 31.bxa4 Rxa4 32.Rd2 Rba8 33.Kg1 Rxa2 34.Rxa2 Rxa2 35.Rd8 Qe7 36.Bd2 h6
37.Rd7 Qe8 38.Rd8 Qe7 39.Rd7 Qe8 40.Rd8  1/2-1/2

[Event "BL2-S8788"]
[Site "Germany"]
[Date "1988.??.??"]
[Round "?"]
[White "Zinic, Tihomir"]
[Black "Pieper, Thomas"]
[Result "1/2-1/2"]
[WhiteElo "2315"]
[BlackElo "2270"]

1.Nf3 Nf6 2.c4 e6 3.g3 b6 4.Bg2 Bb7 5.O-O c5 6.Nc3 Be7 7.d4 cxd4 8.Qxd4 d6
9.Rd1 a6 10.e4 Nbd7 11.b3 Qb8 12.Ba3 Nc5 13.e5 dxe5 14.Qxe5 Qa7 15.Qe2 O-O
16.Bh3 Rac8 17.Nd4 Ba8 18.Bg2 Bxg2 19.Kxg2 Qc7 20.Bb2 Rfd8 21.Rac1 Rd7 22.h3 Rcd8
23.Qe3 Ne8 24.Kh2 Bf6 25.Nf3 Nd3 26.Nd5 exd5 27.Bxf6 Nxf6 28.Rxd3 Re7 29.Qd2 Ne4
30.Qb2 dxc4 31.Rxc4 Nc5 32.Rxd8+ Qxd8 33.Rd4 Rd7 34.Rxd7 Qxd7 35.Qe5 Ne6
36.Qe4 Qc8 37.Kg2 h6 38.h4 a5 39.Ne5 Nc5 40.Qd5 Qf5 41.Qd4 Qf6  1/2-1/2

[Event "Kecskemet"]
[Site "Kecskemet"]
[Date "1988.??.??"]
[Round "?"]
[White "Groszpeter, Attila"]
[Black "King, Daniel J"]
[Result "0-1"]
[WhiteElo "2510"]
[BlackElo "2520"]

1.c4 e6 2.Nf3 b6 3.g3 Bb7 4.Bg2 c5 5.O-O Nf6 6.Nc3 a6 7.b3 d6 8.Bb2 Be7 9.e3 O-O
10.Qe2 Nbd7 11.Rfd1 Rb8 12.Rac1 Qc7 13.d4 Ne4 14.Nxe4 Bxe4 15.Ne1 Bxg2 16.Nxg2 cxd4
17.exd4 Qb7 18.Ne3 Rfe8 19.d5 e5 20.Nc2 Bg5 21.Rb1 a5 22.Na3 Nc5 23.Qg4 Qe7
24.Nb5 g6 25.Qe2 Rbd8 26.Re1 Qd7 27.Rbd1 h5 28.Qc2 h4 29.a3 Na6 30.f4 exf4
31.Qc3 f6 32.Nd4 Nc5 33.Nf3 Kh7 34.Nxg5+ fxg5 35.Qf6 Ne4 36.Rxe4 Rxe4 37.Qxg5 fxg3
38.Rf1 gxh2+ 39.Kh1 Rde8 40.Bc3 Rg4 41.Qf6 Qe7 42.Qf2 Qe4+ 43.Kxh2 Rf8  0-1

[Event "URS-FL56"]
[Site "Klaipeda"]
[Date "1988.??.??"]
[Round "?"]
[White "Dokhoian, Yury"]
[Black "Dolmatov, Sergey"]
[Result "1/2-1/2"]
[WhiteElo "2520"]
[BlackElo "2550"]

1.Nf3 e6 2.g3 c5 3.c4 b6 4.Bg2 Bb7 5.O-O Nf6 6.Nc3 Be7 7.Re1 d5 8.cxd5 Nxd5
9.e4 Nxc3 10.bxc3 O-O 11.d4 Nc6 12.d5 exd5 13.exd5 Na5 14.Bf4 Bd6 15.Ne5 Qc7
16.Qg4 Rad8 17.Re3 Bc8 18.Qh5 b5 19.Rae1 Bb7 20.g4 g6 21.Qh6 Nc4 22.Rh3 f6
23.Nxg6 Rfe8 24.Rxe8+ Rxe8 25.Bxd6 Nxd6 26.Nf4 Re1+ 27.Bf1 Qg7 28.Qxg7+ Kxg7
29.Re3 Rxe3 30.fxe3 b4 31.cxb4 cxb4 32.Bd3 Bc8 33.h3 h6 34.Kf2 a5 35.Ke2 Bd7
36.Kd2 Kf7 37.Ne2 Ke7 38.Nd4 Nf7 39.Bf5 Ba4 40.Be6 Nd6 41.Kc1 Kd8 42.h4 Kc7
43.h5 Be8 44.e4 a4 45.Nf5 Nxf5 46.Bxf5 Kd6  1/2-1/2

[Event "Lyngby op"]
[Site "Lyngby"]
[Date "1988.??.??"]
[Round "2"]
[White "Sorensen, Torben"]
[Black "Nilsson, Nils Specht"]
[Result "1-0"]
[WhiteElo "2335"]
[BlackElo "2230"]

1.Nf3 Nf6 2.c4 e6 3.g3 b6 4.Bg2 Bb7 5.O-O c5 6.Nc3 Be7 7.d4 cxd4 8.Qxd4 Nc6
9.Qf4 O-O 10.Rd1 d6 11.b3 Nb4 12.Bb2 Qb8 13.e4 a6 14.Rac1 Rd8 15.Qe3 Qa7
16.Nd4 Ng4 17.Qe2 Ne5 18.Kh1 Nbc6 19.Nc2 Nd7 20.Rd2 Nf8 21.f4 Rd7 22.Rcd1 Rad8
23.Ne3 Bf6 24.Ng4 Bxc3 25.Bxc3 Ne7 26.Bb4 Nc8 27.h4 Qb8 28.h5 f5 29.exf5 exf5
30.Ne3 Re8 31.Qd3 Bxg2+ 32.Rxg2 Rf7 33.Nxf5 Re6 34.h6 gxh6 35.Bc3 Ne7 36.Qd4 Rxf5
37.Qg7+  1-0

[Event "Mazatlan rapid"]
[Site "Mazatlan"]
[Date "1988.??.??"]
[Round "?"]
[White "Karpov, Anatoly"]
[Black "Gavrikov, Viktor"]
[Result "1/2-1/2"]
[WhiteElo "2715"]
[BlackElo "2545"]

1.Nf3 Nf6 2.c4 e6 3.g3 b6 4.Bg2 Bb7 5.O-O c5 6.d4 cxd4 7.Qxd4 d6 8.Nc3 a6
9.Rd1 Nbd7 10.Bg5 Be7 11.Nd2 Bxg2 12.Kxg2 Rc8 13.Nde4 Rc6 14.Nxf6+ Bxf6 15.Bxf6 Nxf6
16.Rd3 O-O 17.b3 Qb8 18.a4 Rfc8 19.Rad1 Qc7 20.e4 h6 21.Qe3 Ne8 22.R1d2 Qb7
23.f3 Rc5 24.Rd4 Qb8 25.Qd3 R5c6 26.Na2 Qb7  1/2-1/2

[Event "Montpellier"]
[Site "Montpellier"]
[Date "1988.??.??"]
[Round "6"]
[White "Bricard, Emmanuel"]
[Black "Bischoff, Klaus"]
[Result "1/2-1/2"]
[WhiteElo "2365"]
[BlackElo "2465"]

1.Nf3 Nf6 2.c4 e6 3.g3 b6 4.Bg2 Bb7 5.O-O c5 6.Nc3 a6 7.b3 Be7 8.Bb2 d6 9.d4 cxd4
10.Nxd4 Bxg2 11.Kxg2 Qc7 12.e3 Qb7+ 13.Qf3 Ra7 14.Qxb7 Rxb7 15.f4 g6 16.Kf3 h5
17.h3 Rc7 18.Rad1 Nbd7 19.Rf2 Kd8 20.Rfd2 Kc8 21.Nde2 Kb7 22.Ne4 Nxe4 23.Kxe4 Rg8
24.Kf3 Nc5 25.Nc3  1/2-1/2

[Event "Montpellier"]
[Site "Montpellier"]
[Date "1988.??.??"]
[Round "10"]
[White "Simic, Radoslav"]
[Black "Gachon, Lionel"]
[Result "1/2-1/2"]
[WhiteElo "2515"]
[BlackElo "2305"]

1.Nf3 c5 2.g3 b6 3.Bg2 Bb7 4.O-O Nf6 5.c4 e6 6.Nc3 Be7 7.b3 d5 8.e3 Nbd7
9.Bb2 O-O 10.Qe2 a6 11.Rfd1 Ra7 12.cxd5 Nxd5 13.e4 N5f6 14.d4 cxd4 15.Rxd4 Qa8
16.Rad1 Bc6 17.Ne1 e5 18.R4d2 Nc5 19.Nd5 Qb8 20.Qe3 Re8 21.Nxe7+ Raxe7 22.f3 Rd7
23.Nd3 Nxd3 24.Rxd3 Red8 25.Bh3 Rxd3 26.Rxd3 Bb5 27.Rxd8+ Qxd8 28.Qc1 Qd6
29.a4 Be8 30.Bf1 a5 31.Qc8 h6 32.Bc3 Qd1 33.Kf2 Qxb3 34.Bb5 Kh7 35.Qf5+ Kg8
36.Qc8 Kh7 37.Qf5+ Kg8 38.Qxe5 Bxb5 39.axb5 Qc2+ 40.Kg1 Qd1+ 41.Kf2 Qc2+
42.Ke3 Qc1+ 43.Ke2 Qc2+ 44.Bd2 Qc4+ 45.Ke3 Qf1 46.g4 Qg1+ 47.Kd3 Qf1+ 48.Ke3 Qg1+
49.Kd3 Qf1+ 50.Ke3  1/2-1/2

[Event "URS-chT"]
[Site "Naberezhnie Chelni"]
[Date "1988.??.??"]
[Round "?"]
[White "Pigusov, Evgeny"]
[Black "Dolmatov, Sergey"]
[Result "1/2-1/2"]
[WhiteElo "2530"]
[BlackElo "2550"]

1.Nf3 Nf6 2.c4 c5 3.g3 b6 4.Bg2 Bb7 5.O-O e6 6.Nc3 Be7 7.d4 cxd4 8.Qxd4 d6
9.Rd1 a6 10.b3 Nbd7 11.e4 Qb8 12.Ba3 Nc5 13.e5 dxe5 14.Qxe5 Ncd7 15.Qxb8+ Rxb8
16.Bxe7  1/2-1/2

[Event "URS-chT"]
[Site "Naberezhnie Chelni"]
[Date "1988.??.??"]
[Round "?"]
[White "Panchenko, Alexander N"]
[Black "Andrianov, Nikolai"]
[Result "1/2-1/2"]
[WhiteElo "2475"]
[BlackElo "2445"]

1.Nf3 Nf6 2.c4 c5 3.g3 b6 4.Bg2 Bb7 5.O-O e6 6.b3 Be7 7.Bb2 O-O 8.Nc3 d5
9.e3 dxc4 10.bxc4 Nc6 11.Qe2 a6 12.Ne1 Qc7 13.f4 Na7 14.a4 Bxg2 15.Kxg2 Rfd8
16.Kg1 Qd7 17.Nf3 Rab8 18.Rfd1 Qb7 19.Ne5 Ne4 20.Qg2 Nxc3 21.Bxc3 Qxg2+ 22.Kxg2 f6
23.Nf3 Rd7 24.Ra2 b5 25.axb5 axb5 26.Rda1 Rbb7 27.cxb5 Nxb5 28.Rc1 Ra7 29.Rxa7 Rxa7
30.Ra1 Rxa1 31.Bxa1 c4 32.Nd4 Nxd4 33.Bxd4 Bb4 34.Bc3 Bxc3 35.dxc3 Kf7 36.Kf3 e5
37.fxe5 fxe5 38.Kg4 Kg6 39.e4 h5+ 40.Kh4 Kh6 41.g4 g5+ 42.Kg3 h4+ 43.Kf3  1/2-1/2

[Event "New York op"]
[Site "New York"]
[Date "1988.??.??"]
[Round "?"]
[White "Lobron, Eric"]
[Black "Suba, Mihai"]
[Result "1/2-1/2"]
[WhiteElo "2490"]
[BlackElo "2550"]

1.Nf3 c5 2.c4 Nf6 3.g3 b6 4.Bg2 Bb7 5.O-O e6 6.Nc3 a6 7.b3 Be7 8.Bb2 O-O
9.Rc1 Qc7 10.e3 d6 11.d3 Nbd7 12.Rc2 Rfd8 13.Ne1 Bxg2 14.Nxg2 Qb7 15.e4 Ne5
16.Ne3 b5 17.f4 Nc6 18.Rg2 bxc4 19.bxc4 Nd7 20.g4 Bf6 21.e5 dxe5 22.g5 Be7
23.f5 Nd4 24.Ne4 exf5 25.Nxf5 Nxf5 26.Rxf5 Rab8 27.Qg4 Qc6 28.Rf1 Rf8 29.h4 Rb6
30.Qg3 Qe6 31.h5 g6 32.Rh2 Rfb8 33.Rff2 Bf8 34.hxg6 hxg6 35.Nf6+ Nxf6 36.Rxf6 Qxf6
37.gxf6 Rxb2 38.Rxb2 Rxb2 39.Qxe5 Rxa2 40.Kf1 Rd2 41.Qc3 Rd1+ 42.Ke2 Rh1
43.Qa5 Rh5 44.Qxa6 Re5+ 45.Kd1 Re6 46.Qa1 Kh7 47.Qa8 Bd6 48.Qh1+ Kg8 49.Qf3 Bf8
50.Kc2 Re5 51.Kb3 Rf5 52.Qc6 g5 53.Qg2 Kh7 54.Qh3+ Kg6 55.Qh8 Bh6 56.d4 cxd4
57.Qg8+ Kxf6 58.Qd8+ Kg6 59.c5 Bg7 60.Qd6+ Rf6 61.Qd5 Re6 62.Kc4 g4  1/2-1/2

[Event "New York op"]
[Site "New York"]
[Date "1988.??.??"]
[Round "?"]
[White "Lobron, Eric"]
[Black "Browne, Walter S"]
[Result "1-0"]
[WhiteElo "2490"]
[BlackElo "2530"]

1.Nf3 c5 2.c4 Nf6 3.g3 b6 4.Bg2 Bb7 5.O-O e6 6.Nc3 Be7 7.Re1 d5 8.cxd5 exd5
9.d4 O-O 10.Bg5 Na6 11.Qa4 cxd4 12.Nxd4 Nc5 13.Qd1 Nfe4 14.Bxe7 Qxe7 15.Rc1 Qf6
16.Nf3 Nxc3 17.Rxc3 Ne6 18.e3 Rac8 19.Rxc8 Rxc8 20.Qd2 h6 21.Nd4 a5 22.h4 Nxd4
23.exd4 Qf5 24.Bf1 Kf8 25.Qe3 Qf6 26.Qa3+ Kg8 27.Qe7 Qxe7 28.Rxe7 Ba8 29.Bb5 Kf8
30.Rd7 Bc6 31.Bxc6 Rxc6 32.Rxd5 Rc4 33.Rb5 Rxd4 34.Rxb6 Rd2 35.a4 Ke7 36.Kg2 h5
37.Kf3 g6 38.Ke3 Rc2 39.f3 Rc4 40.b3 Rc3+ 41.Ke4 f6 42.Rb8 Ke6 43.Kf4 Rd3
44.Rb7 Rc3 45.Rb6+ Kf7 46.Rb5 Ke6 47.Ke4 Kf7 48.Rxa5 Rxb3 49.Rb5 Ra3 50.a5 Ra4+
51.Kd5 Ra3 52.f4 g5 53.fxg5 fxg5 54.Kd6 g4 55.Kc7 Rxg3 56.a6 Ra3 57.Kb7 g3
58.a7 g2 59.Rb1 Ke6 60.a8=Q Rxa8 61.Kxa8 Kf5 62.Rg1 Kg4 63.Rxg2+ Kxh4 64.Kb7 Kh3
65.Rg8 h4 66.Kc6 Kh2 67.Kd5  1-0

[Event "New York op"]
[Site "New York"]
[Date "1988.??.??"]
[Round "?"]
[White "Drasko, Milan"]
[Black "Sherzer, Alex"]
[Result "1/2-1/2"]
[WhiteElo "2465"]
[BlackElo "2330"]

1.Nf3 Nf6 2.g3 b6 3.Bg2 Bb7 4.c4 c5 5.O-O e6 6.b3 Be7 7.Bb2 O-O 8.Nc3 d6
9.e3 Nbd7 10.d4 a6 11.Qe2 Qc7 12.Rfd1 Rfe8 13.Ne1 Bxg2 14.Nxg2 cxd4 15.exd4 d5
16.Ne3 dxc4 17.bxc4 Rac8 18.a4 e5 19.dxe5 Qxe5 20.Ncd5 Qe6 21.a5 bxa5 22.Nxe7+ Rxe7
23.Rxa5 h6 24.Bd4 Ree8 25.Qa2 Rc6 26.Ra1 Ra8  1/2-1/2

[Event "Pau"]
[Site "Pau"]
[Date "1988.??.??"]
[Round "1"]
[White "Bernard, Christophe"]
[Black "Koch, Jean Rene"]
[Result "0-1"]
[WhiteElo "2320"]
[BlackElo "2420"]

1.g3 c5 2.Nf3 b6 3.Bg2 Bb7 4.O-O Nf6 5.c4 e6 6.Nc3 Be7 7.Re1 a6 8.e4 d6 9.d4 cxd4
10.Nxd4 Qc7 11.Be3 O-O 12.Rc1 Nbd7 13.f4 Rfe8 14.g4 Nc5 15.Bf2 g6 16.b4 Ncd7
17.Bf3 h6 18.h4 Rac8 19.g5 hxg5 20.hxg5 Nh7 21.Bg4 Nhf8 22.Qd2 Qd8 23.Qd3 e5
24.Qh3 exf4 25.Kg2 Bxg5 26.Rh1 Bf6 27.Nd5 Ne5 28.Bxc8 Bxc8 29.Qc3 Bg7 30.Bh4 g5
31.Bf2 Ng4 32.Rhe1 Nxf2 33.Kxf2 Ne6 34.Nxe6 fxe6 35.Qd3 exd5 36.cxd5 g4 37.Rh1 Qg5
38.Rc7 g3+ 39.Kg2 Bg4  0-1

[Event "Reykjavik op"]
[Site "Reykjavik"]
[Date "1988.??.??"]
[Round "?"]
[White "Sorensen, Torben"]
[Black "Kristinsson, O."]
[Result "1-0"]
[WhiteElo "2360"]
[BlackElo "2105"]

1.Nf3 Nf6 2.c4 e6 3.g3 b6 4.Bg2 Bb7 5.O-O c5 6.Nc3 Be7 7.d4 cxd4 8.Qxd4 O-O
9.Bg5 h6 10.Bxf6 Bxf6 11.Qf4 d5 12.Rac1 Na6 13.Rfd1 Qc7 14.cxd5 Qxf4 15.gxf4 Bxc3
16.Rxc3 Bxd5 17.Ne5 Bxg2 18.Kxg2 Nb4 19.Rd7 Nd5 20.Rc4 f6 21.Nc6 Rf7 22.Rd6 Re8
23.e3 g6 24.a3 Ree7 25.Re4 b5 26.Rexe6 Rxe6 27.Rxe6 Rd7 28.Re8+ Kf7 29.Ra8 Nb6
30.Rxa7 Rxa7 31.Nxa7 Nc4 32.Nxb5 Nxb2 33.Kf3 f5 34.h4 Ke6 35.Nd4+ Kd5 36.h5 gxh5
37.Nxf5 Nc4 38.a4 Nd2+ 39.Ke2 Ne4 40.a5 Kc6 41.a6  1-0

[Event "URS-FL56"]
[Site "Simferopol"]
[Date "1988.??.??"]
[Round "?"]
[White "Romanishin, Oleg M"]
[Black "Ulibin, Mikhail"]
[Result "1/2-1/2"]
[WhiteElo "2550"]
[BlackElo "2390"]

1.Nf3 Nf6 2.c4 c5 3.g3 b6 4.Bg2 Bb7 5.O-O e6 6.Nc3 Be7 7.d4 cxd4 8.Qxd4 d6
9.Rd1 a6 10.b3 Nbd7 11.e4 Qb8 12.h3 O-O 13.Ba3 Nc5 14.e5 dxe5 15.Qxe5 Qa7
16.Qe3 Rac8 17.Rac1 Rfd8 18.Bb2 Qa8 19.Rxd8+ Rxd8 20.Rd1 Rxd1+ 21.Nxd1 Ncd7
22.Nc3 Bc5 23.Qe2 b5 24.Ne1 Bxg2 25.Nxg2 bxc4 26.bxc4  1/2-1/2

[Event "Tatran Cup"]
[Site "Stary Smokovec"]
[Date "1988.??.??"]
[Round "8"]
[White "Sapi, Laszlo"]
[Black "Drasko, Milan"]
[Result "0-1"]
[WhiteElo "2350"]
[BlackElo "2510"]

1.c4 Nf6 2.Nf3 e6 3.g3 b6 4.Bg2 Bb7 5.O-O c5 6.d4 cxd4 7.Nxd4 Bxg2 8.Kxg2 Qc7
9.Qa4 Be7 10.f3 a6 11.Be3 O-O 12.Nd2 Qb7 13.Kg1 Rc8 14.Rac1 Nc6 15.Nxc6 Rxc6
16.Rc3 d5 17.Rfc1 Rd8 18.cxd5 Rxc3 19.Rxc3 Nxd5 20.Rd3 b5 21.Qe4 Qc8 22.Nb3 f5
23.Qd4 e5 24.Qxe5 Bf6 25.Qxd5+ Rxd5 26.Rxd5 Qe6 27.Rd3 Bxb2 28.Rd8+ Kf7 29.Kf2 f4
30.gxf4 Bf6 31.Rd3 a5 32.a3 a4 33.Nc5 Bh4+ 34.Kg2 Qa2 35.Bd2 Be7 36.Ne4 Bxa3
37.Ng5+ Kg6 38.Kg3 Be7 39.Kg4 h5+ 40.Kg3 Qc4 41.h4 a3 42.Re3 a2 43.Rxe7 a1=Q
44.Ne4 Qg1+ 45.Kh3 Qc8+ 46.f5+ Qxf5+  0-1

[Event "Rilton Cup"]
[Site "Stockholm"]
[Date "1988.??.??"]
[Round "?"]
[White "Schneider, Lars Ake"]
[Black "Larsson, Per"]
[Result "1-0"]
[WhiteElo "2475"]
[BlackElo "2320"]

1.c4 Nf6 2.Nf3 b6 3.g3 c5 4.Bg2 Bb7 5.O-O e6 6.Nc3 d6 7.Re1 a6 8.e4 Be7 9.d4 cxd4
10.Nxd4 Qc7 11.Be3 O-O 12.Rc1 Nbd7 13.f4 Rfe8 14.f5 Bf8 15.fxe6 fxe6 16.Bh3 Nc5
17.b4 Ncxe4 18.Nxe4 Nxe4 19.Nxe6 Qf7 20.Nxf8 Rxf8 21.Rf1 Qe7 22.Qd4 b5 23.Bg2 h6
24.Bf4 bxc4 25.Qxc4+ d5 26.Qc7 Rf7 27.Qxe7 Rxe7 28.Rfd1 Rae8 29.a3 g5 30.Bc7 Rc8
31.Bb6 Rxc1 32.Rxc1 Nd2 33.Rd1 Nc4 34.Bc5 Re2 35.Bf3 Ra2 36.Rxd5 Ra1+ 37.Kg2 Rxa3
38.Rd8+  1-0

[Event "Rilton Cup"]
[Site "Stockholm"]
[Date "1988.??.??"]
[Round "?"]
[White "Karlsson, Lars"]
[Black "Bjork, Carl Magnus"]
[Result "1/2-1/2"]
[WhiteElo "2520"]
[BlackElo "2325"]

1.Nf3 Nf6 2.g3 b6 3.Bg2 Bb7 4.O-O e6 5.c4 c5 6.b3 Be7 7.Bb2 O-O 8.e3 d5 9.Qe2 Nc6
10.d3 a6 11.Nbd2 b5 12.Rfc1 Qb6 13.Rab1 Rfd8 14.d4 dxc4 15.bxc4 b4 16.Nb3 cxd4
17.exd4 a5 18.Ba1 Rac8 19.Nbd2 Qa6 20.Bf1 Qa8 21.Qe3 Re8 22.Bd3 Nb8 23.Ne5 Nbd7
24.f4 Bf8 25.h3 Rcd8 26.Kh2 Nb6 27.g4 Nc8 28.Qe2 g6 29.Re1 Nb6 30.Qf2 Na4
31.g5 Nh5 32.Be2 Nc3 33.Bxh5 gxh5 34.Bxc3 bxc3 35.Ndf3 Be4 36.Rbc1 Ba3 37.Rxc3 Bb4
38.Rce3 Bxe1 39.Rxe1 Qb7 40.Nh4 Rb8 41.Re2 Red8 42.Qe3 Bb1 43.Nhf3 Qc7 44.Kg3 Rb4  1/2-1/2

[Event "Tel Aviv"]
[Site "Tel Aviv"]
[Date "1988.??.??"]
[Round "?"]
[White "Stepak, Yedael"]
[Black "Csom, Istvan"]
[Result "0-1"]
[WhiteElo "2355"]
[BlackElo "2495"]

1.Nf3 c5 2.c4 b6 3.g3 Bb7 4.Bg2 Nf6 5.O-O e6 6.Nc3 Be7 7.b3 d6 8.Bb2 O-O
9.e3 a6 10.d4 cxd4 11.exd4 Re8 12.Re1 Nbd7 13.Qd3 Bf8 14.Rad1 Qc7 15.Nh4 Bxg2
16.Nxg2 Qb7 17.Ne3 b5 18.cxb5 axb5 19.b4 d5 20.a3 Rab8 21.Nc2 Rec8 22.Na1 Nb6
23.Nb3 Nc4 24.Bc1 Ra8 25.Nb1 Nd7 26.Re2 Ra7 27.f4 g6 28.Nc5 Qa8 29.Rf1 Nf6
30.g4 Nxg4 31.Rg2 Nh6 32.h4 Nf5 33.h5 Bg7 34.Nb3 Rac7 35.hxg6 hxg6 36.Rh2 Qa7
37.Rd1 Kf8 38.Kh1 Qb6 39.Rh7 Bf6 40.Qh3 Ke7 41.Rg1 Rg8 42.Rd1 Rcc8 43.Kg2 Rh8
44.Rxh8 Rxh8 45.Qc3 Rh4 46.Rd3 Qb8 47.Na5 Qh8  0-1

[Event "Thessaloniki ol (Women)"]
[Site "Thessaloniki"]
[Date "1988.??.??"]
[Round "?"]
[White "Muresan, Margareta"]
[Black "Liu Shilan"]
[Result "1-0"]
[WhiteElo "2250"]
[BlackElo "2285"]

1.Nf3 Nf6 2.c4 c5 3.g3 b6 4.Bg2 Bb7 5.O-O e6 6.Nc3 Be7 7.b3 O-O 8.Bb2 d5
9.e3 Nc6 10.Qe2 Re8 11.d3 Bf8 12.Rfd1 d4 13.exd4 Nxd4 14.Nxd4 Bxg2 15.Kxg2 cxd4
16.Ne4 e5 17.Nxf6+ Qxf6 18.a3 a5 19.Re1 Bc5 20.Qe4 Qe6 21.f4 f6 22.fxe5 fxe5
23.Re2 Rad8 24.Rf1 Qd6 25.Rf5 Qg6 26.h4 Bd6 27.h5 Qe6 28.Bxd4 Rf8 29.Rxf8+ Bxf8
30.Bxe5 Bxa3 31.Bc7 Qxe4+ 32.dxe4 Rd3 33.Bxb6 Rxb3 34.Bxa5 Kf7 35.Rc2 Bc5
36.Bc3 g6 37.hxg6+ hxg6 38.Kh3 Ke6 39.Kg4 Bd6 40.e5 Be7  1-0

[Event "Thessaloniki ol (Men)"]
[Site "Thessaloniki"]
[Date "1988.??.??"]
[Round "3"]
[White "Morrison, Graham"]
[Black "Stempin, Pawel"]
[Result "1/2-1/2"]
[WhiteElo "2325"]
[BlackElo "2435"]

1.Nf3 Nf6 2.c4 e6 3.g3 b6 4.Bg2 Bb7 5.O-O c5 6.Nc3 Be7 7.Re1 d6 8.e4 a6 9.d4 cxd4
10.Nxd4 Qc7 11.Be3 Nbd7 12.f4 O-O 13.Rc1 Nc5 14.Bf2 Rad8 15.b4 Ncd7 16.f5 Ne5
17.fxe6 Qxc4 18.Nd5 Bxd5 19.exd5 Qxa2 20.Re2 Qa3 21.Re3 Qa2 22.Ra1 Qc4 23.Rc1 Qa2
24.Re2 Qa3 25.Re3  1/2-1/2

[Event "Thessaloniki ol (Men)"]
[Site "Thessaloniki"]
[Date "1988.??.??"]
[Round "7"]
[White "Wirthensohn, Heinz"]
[Black "Tatai, Stefano"]
[Result "1/2-1/2"]
[WhiteElo "2385"]
[BlackElo "2365"]

1.Nf3 Nf6 2.c4 e6 3.g3 b6 4.Bg2 Bb7 5.O-O c5 6.Nc3 a6 7.Re1 d6 8.e4 Qc7 9.d4 cxd4
10.Nxd4 Nbd7 11.b3 Be7 12.Bb2 O-O 13.Re2 Rac8 14.Qe1 Rfe8 15.Rd1 Bf8 16.Kh1 Qb8
17.f3 Nc5 18.Ba1 Ncd7 19.Bb2 Nc5 20.Ba1  1/2-1/2